<?xml version="1.0" encoding="UTF-8"?>
<record
    xmlns:xsi="http://www.w3.org/2001/XMLSchema-instance"
    xsi:schemaLocation="http://www.loc.gov/MARC21/slim http://www.loc.gov/standards/marcxml/schema/MARC21slim.xsd"
    xmlns="http://www.loc.gov/MARC21/slim">

  <leader>00168nam a22000737a 4500</leader>
  <controlfield tag="008">160202b        xxu||||| |||| 00| 0 eng d</controlfield>
  <datafield tag="100" ind1=" " ind2=" ">
    <subfield code="a">SEMINAR ROOMS</subfield>
  </datafield>
  <datafield tag="245" ind1=" " ind2=" ">
    <subfield code="a">SEMINAR ROOMS</subfield>
  </datafield>
  <datafield tag="999" ind1=" " ind2=" ">
    <subfield code="c">15591</subfield>
    <subfield code="d">15591</subfield>
  </datafield>
  <datafield tag="952" ind1=" " ind2=" ">
    <subfield code="0">0</subfield>
    <subfield code="1">0</subfield>
    <subfield code="2">lcc</subfield>
    <subfield code="6">SEM  ROOM 00002 (J00001)</subfield>
    <subfield code="7">0</subfield>
    <subfield code="9">30509</subfield>
    <subfield code="a">KABU</subfield>
    <subfield code="b">KABU</subfield>
    <subfield code="d">2016-02-02</subfield>
    <subfield code="i">J1</subfield>
    <subfield code="l">945</subfield>
    <subfield code="m">8</subfield>
    <subfield code="o">SEM ROOM 2 (J1)</subfield>
    <subfield code="p">E26</subfield>
    <subfield code="r">2026-06-26 15:06:10</subfield>
    <subfield code="s">2026-06-25</subfield>
    <subfield code="w">2016-02-02</subfield>
    <subfield code="y">040</subfield>
  </datafield>
  <datafield tag="952" ind1=" " ind2=" ">
    <subfield code="0">0</subfield>
    <subfield code="1">0</subfield>
    <subfield code="2">lcc</subfield>
    <subfield code="6">SEM  ROOM 00001</subfield>
    <subfield code="7">0</subfield>
    <subfield code="9">30875</subfield>
    <subfield code="a">KABU</subfield>
    <subfield code="b">KABU</subfield>
    <subfield code="d">2016-03-10</subfield>
    <subfield code="l">712</subfield>
    <subfield code="m">9</subfield>
    <subfield code="o">SEM ROOM 1</subfield>
    <subfield code="p">E27</subfield>
    <subfield code="r">2026-06-22 21:45:58</subfield>
    <subfield code="s">2026-05-13</subfield>
    <subfield code="w">2016-03-10</subfield>
    <subfield code="y">040</subfield>
  </datafield>
</record>
